Digitálne dvojča elektromobilu

Saved in:
Bibliographic Details
Main Author: Baranka, Michal (Author)
Other Authors: Bucha, Jozef (Thesis advisor)
Format: Manuscript Book
Language:Slovak
Published: 2022
Subjects:
Online Access:http://is.stuba.sk/zp/portal_zp.pl?podrobnosti=157145
Tags: Add Tag
No Tags, Be the first to tag this record!

MARC

LEADER 00000ntm a22000003a 4500
001 stuzp85816
003 SK-STU
005 20220611210554.5
007 ta
008 150427s2015----xo-----f-mn---000-0-slo-d
040 |a STU  |b slo 
041 0 |a slo 
100 1 |a Baranka, Michal  |u 020030  |k Z4  |4 aut  |U SjF Strojnícka fakulta  |T SjF Ústav dopravnej techniky a konštruovania  |X 87434  |U J0030  |Y 806  |7 87434 
242 0 1 |a Digital twin of electric vehicle  |y eng 
245 1 0 |a Digitálne dvojča elektromobilu 
260 |c 2022 
650 4 |a SimRod  |2 slo 
650 4 |a Industry 4.0  |2 slo 
650 4 |a Digitálne dvojča  |2 slo 
650 4 |a Virtuálny model  |2 slo 
650 4 |a Simulácia  |2 slo 
650 4 |a ADAMS/Car  |2 slo 
650 4 |a Virtual model  |2 eng 
650 4 |a Simulation  |2 eng 
650 4 |a Industry 4.0  |2 eng 
650 4 |a Digital twin  |2 eng 
650 4 |a SimRod  |2 eng 
650 4 |a ADAMS/Car  |2 eng 
700 1 |a Bucha, Jozef  |u 020030  |k Z1  |4 ths  |U SjF Strojnícka fakulta  |T SjF Ústav dopravnej techniky a konštruovania  |X 70878  |U J0030  |Y 806  |7 A000070878 
856 4 |u http://is.stuba.sk/zp/portal_zp.pl?podrobnosti=157145 
996 |b 284J046926  |c J* 3426/DDP  |l JJSK  |s A  |a 24  |w stuzp85816_0001